000 00631nam a2200229Ia 4500
003 OSt
005 20220926005424.0
006 a|||||r|||| 00| 0
007 ta
008 220923b |||||||| |||| 00| 0 eng d
020 _a8170030641
037 _cGeneral Book
040 _aRTL
_cRTL
_beng
041 _2eng
_aeng
082 _aX:8:(B2893), K1/SC
100 _aGHOSAL A Ed.
_9310271
245 0 _aPragmatic cybernetics.
260 _a New Delhi
_bSouth Asian publishers
_c1986
300 _aviii,196p.
_ccm.
942 _hX:8:(B2893), K1/SC
_cGB
_2CC
999 _c613789
_d613789